Rationality, institutions and economic methodology

Αποθηκεύτηκε σε:
Λεπτομέρειες βιβλιογραφικής εγγραφής
Άλλοι συγγραφείς: Maki, Uskali (Επιμελητής έκδοσης), Gustafsson, Bo 1931- (Επιμελητής έκδοσης), Knudsen, Christian (Επιμελητής έκδοσης)
Μορφή: Βιβλίο
Γλώσσα:English
Δημοσίευση: London : Routledge, 1993
Σειρά:Economics as social theory
Θέματα:
Ετικέτες: Προσθήκη ετικέτας
Δεν υπάρχουν, Καταχωρήστε ετικέτα πρώτοι!

MARC

LEADER 00000nam a2200000 i 4500
001 1/6641
008 960711s1993 eng d
020 |a 0-415-09208-6 
035 |l 10016425 
040 |a GR-MY-UA  |b gre  |e aacr 
041 0 |a eng 
082 0 |a 330 
245 1 0 |a Rationality, institutions and economic methodology /  |c Edited by Uskali Maki; Bo Gustafsson; Christian Knudsen 
260 |a London :   |b Routledge,   |c 1993 
300 |a 312 p. 
490 1 |a Economics as social theory 
504 |a Includes index 
650 0 0 |a Institutional economics. 
650 0 0 |a Economics  |x Methodology. 
700 1 |a Maki, Uskali.  |4 edt 
700 1 |a Gustafsson, Bo  |d 1931-  |4 edt 
700 1 |a Knudsen, Christian.  |4 edt 
830 0 |a Economics as social theory 
852 |a INST  |b LESVOS  |e 19960711  |h 330 RAT  |p 005100009610  |q 005100009610  |t BK  |y 0 
909 |a Λ  |b 041877